[Event "Ruhrgebiet Verbandsklasse Gruppe 3 1819"]
[Site "Nordrheinwestfalen"]
[Date "2018.11.04"]
[Round "3.8"]
[White "Jochmann, Christian"]
[Black "Alfrihan, Omar"]
[Result "1-0"]
[WhiteElo "1822"]
[BlackElo "1522"]
[PlyCount "91"]
[EventDate "2018.09.23"]
[EventType "team-tourn"]
[EventRounds "9"]
[EventCountry "GER"]
[SourceTitle "EXT 2022"]
[Source "ChessBase"]
[SourceDate "2021.10.06"]
[SourceVersion "1"]
[SourceVersionDate "2021.10.06"]
[SourceQuality "1"]
[WhiteTeam "Brambauer"]
[BlackTeam "Muelheim Nord IV"]
[WhiteTeamCountry "GER"]
[BlackTeamCountry "GER"]

1. e4 c5 2. Nc3 Nc6 3. g3 d6 4. Bg2 g6 5. d3 Bg7 6. Nge2 Nf6 7. 0-0 0-0 8. h3 Bd7 9. Be3 Qc8 10. Kh2 a6 11. Qd2 Ne5 12. f4 Nc6 13. g4 e6 14. Ng3 Nd4 15. Nd1 Bc6 16. c3 Nb5 17. Nf2 b6 18. g5 Nd7 19. Ng4 f5 20. gxf6 Nxf6 21. Rae1 Qb7 22. Re2 h5 23. Nxf6+ Bxf6 24. Ref2 d5 25. exd5 exd5 26. f5 h4 27. Ne2 d4 28. Bh6 Bxg2 29. Rxg2 Rf7 30. Rxg6+ Kh7 31. Bg7 Qc7+ 32. Kg1 Bxg7 33. Qg5 Qe5 34. Qxh4+ Kg8 35. Ng3 Nd6 36. f6 Ne8 37. fxg7 Rxg7 38. Rxg7+ Nxg7 39. Ne4 Rf8 40. Nf6+ Rxf6 41. Rxf6 Qe3+ 42. Kh2 Qxd3 43. Qf2 dxc3 44. Rf8+ Kh7 45. Qh4+ Kg6 46. Rf6# 1-0

[Event "Ruhrgebiet Verbandsklasse Gruppe 1 1617"]
[Site "Germany"]
[Date "2017.04.30"]
[Round "9.7"]
[White "Alfrihan, Omar"]
[Black "Heiming, Thomas"]
[Result "0-1"]
[WhiteElo "1327"]
[BlackElo "1834"]
[PlyCount "90"]
[EventDate "2016.09.04"]
[EventType "team-tourn"]
[EventRounds "9"]
[EventCountry "GER"]
[SourceTitle "EXT 2022"]
[Source "ChessBase"]
[SourceDate "2021.10.06"]
[SourceVersion "1"]
[SourceVersionDate "2021.10.06"]
[SourceQuality "1"]
[WhiteTeam "Muelheim Nord IV"]
[BlackTeam "Hervest Dorsten"]
[WhiteTeamCountry "GER"]
[BlackTeamCountry "GER"]

1. e4 c5 2. Nf3 Nc6 3. Bc4 d6 4. d4 cxd4 5. Nxd4 Nf6 6. Nc3 g6 7. 0-0 Bg7 8. Nxc6 bxc6 9. e5 Nd7 10. exd6 Ne5 11. Bb3 exd6 12. f4 Qb6+ 13. Kh1 Ng4 14. Qe2+ Kd8 15. Na4 Qd4 16. c3 Qf6 17. Bd2 Re8 18. Qf3 Kc7 19. Rae1 Bd7 20. c4 Qh4 21. h3 Bd4 22. Bd1 Nf2+ 23. Kh2 Bg4 24. Ba5+ Kd7 25. Qb3 Reb8 26. Qg3 Qxg3+ 27. Kxg3 Bxd1 28. Rxd1 Nxd1 29. Rxd1 c5 30. b4 Kc6 31. b5+ Kd7 32. Rb1 Ke7 33. Re1+ Kf8 34. Bc7 Re8 35. Bxd6+ Kg8 36. Rb1 Re3+ 37. Kg4 Bf6 38. f5 h5+ 39. Kf4 Rae8 40. fxg6 fxg6 41. Nxc5 Kf7 42. h4 Bxh4 43. Rf1 Bf6 44. a4 g5+ 45. Kf5 R8e5+ 0-1